| 000 | 00546nam a22001937a 4500 | ||
|---|---|---|---|
| 999 |
_c5926 _d5926 |
||
| 003 | AR-CdUCM | ||
| 008 | 190313b ||||| |||| 00| 0 spa d | ||
| 040 |
_aMUNICIPALIDAD PROVINCIAL DEL CUSCO _cBIBLIOTECA MUNICIPAL DEL CUSCO |
||
| 082 |
_a869 / _bSI586 |
||
| 100 |
_aSilva, Mercado A. _917429 |
||
| 245 | _aEl árbol del bien y del mal / | ||
| 260 |
_aEcuador : _bAriel, |
||
| 300 |
_a158 páginas ; _c18 cm. |
||
| 440 |
_aClásicos Ariel _n33 _917430 |
||
| 505 | _aPoesía. | ||
| 650 |
_aPoesía. _9139 |
||
| 942 |
_2ddc _cLIBROS |
||
| 945 | _awfj | ||